000 01041nam0a22002531 4500
001 rc\1102300
005 20260407083948.0
035 _a(NLR Aleph) 006347484
090 _a4765932
_c4765932
100 _a20041126d1983 |||y0rusy50 ca
101 0 _arus
102 _aRU
105 _aa |||||||||
200 1 _aОптимизация и моделирование систем вентильного электропривода и асинхронных машин
_e[Сб. ст.]
_fАН МССР, Отд. энерг. кибернетики
_g[Редкол.: И.И. Лумер (отв. ред.) и др.]
210 _aКишинев
_cШтиинца
_d1983
215 _a93 с.
_cграф.
_d21
320 _aБиблиогр. в конце ст.
702 1 _aЛумер
_bИ.И.
_4340
712 0 2 _aАН МССР
_cКишинев
_bОтдел энергетической кибернетики
_3RU\NLR\AUTH\8811288
_9295272
801 0 _aRU
_bNLR
_gpsbo
801 1 _aRU
_bELAR
_2rusmarc
852 _aNLR
_j83-6/5236
942 _cBOOK
980 _aNB